000 00604nam a22001457a 4500
020 _a0-439-07031-7
082 _a823
_bAPP/A
100 _aAPPLEGATE, K A
245 _aANIMORPHS
_bTHE CONSPIRACY
260 _aNEW YORK
_bSCHOLASTIC
_c1999
300 _a139
520 _aAfter Marco prevents Jake's father from being infested, Tom has Chapman and a few other human-Controllers attempt a drive-by to assassinate Jake's father, although they are stopped by Jake. The Animorphs kidnap Chapman and Jake asks Ax to torture him before allowing him to escape.
650 _aADVENTURE
_zUNITED STATES
942 _cBK
999 _c5950
_d5950